| 000 | 00818nam a2200217Ia 4500 | ||
|---|---|---|---|
| 001 | 11160 | ||
| 003 | GE_BSU | ||
| 008 | 181216s||||||||xx |||||||||||||| ||und|| | ||
| 040 | _cGE_BSU | ||
| 080 | _a631.6 | ||
| 100 | _aსხრიტლაძე,ს. ფარცვანია,შ. | ||
| 245 | _aმელიორაციულ სამუშაოთა მექანიზაცია (დაშრობითი) | ||
| 245 | _cრედ:მ.შუბლაძე | ||
| 260 | _aთბილისი. | ||
| 260 | _bსაბჭოთა საქართველო. | ||
| 260 | _c1960. | ||
| 300 | _a163გვ;21სმ. | ||
| 300 | _eილ; | ||
| 653 | _aმელიორაციულ სამუშაოთა მექანიზაცია (დაშრობითი) | ||
| 942 | _cBK | ||
| 999 |
_c44395 _d44395 |
||